Catalog

Record Details

Catalog Search



Available copies

  • 2 of 2 copies available at LARL/NWRL Consortium.
  • 1 of 1 copy available at Lake Agassiz Regional Library. (Show preferred library)

Current holds

0 current holds with 2 total copies.

Show Only Available Copies
Location Call Number / Copy Notes Barcode Shelving Location Status Due Date
Crookston Public Library BOS (Text) 33500010980191 Main Available -
Thief River Falls Public Library BOS (Text) 35500005159700 Main Available -

Record details

  • ISBN: 9780758269294 (pbk.)
  • ISBN: 0758269293 (pbk.)
  • Physical Description: ix, 354 p. ; 21 cm.
  • Publisher: New York : Kensington Books, 2013

Content descriptions

General Note:
Includes reading group guide.
Summary, etc.:
Welcome to Too Much--where the women are ... Read More
Subject: Sisters > Fiction.
Marriage > Fiction.
Down syndrome > Fiction.
Quilting > Fiction.
Texas > Fiction.
Genre: Domestic fiction.
Love stories.
LDR 02609cam a2200481Ii 4500
001152032
003LARL_NWRL_CONSORTIUM
00520180823194521.0
008130301s2013 nyu 000 1 eng d
015 . ‡aGBB319441 ‡2bnb
0167 . ‡a016294420 ‡2Uk
020 . ‡a9780758269294 (pbk.)
020 . ‡a0758269293 (pbk.)
020 . ‡z9780758292650 (eBook)
020 . ‡z0758292651 (eBook)
035 . ‡a(OCoLC)829961540
043 . ‡an-us-tx
08204. ‡a813/.6 ‡223
1001 . ‡aBostwick, Marie, ‡eauthor. ‡0(LARL_NWRL_CONSORTIUM)195869
24510. ‡aBetween heaven and Texas. ‡n#1 / ‡cMarie Bostwick.
260 . ‡aNew York : ‡bKensington Books, ‡c2013
300 . ‡aix, 354 p. ; ‡c21 cm.
336 . ‡atext ‡2rdacontent
337 . ‡aunmediated ‡2rdamedia
338 . ‡avolume ‡2rdacarrier
4900 . ‡aToo Much, Texas ; ‡v1
4900 . ‡aCobbled court quilt ; ‡vPrequel
500 . ‡aIncludes reading group guide.
520 . ‡aWelcome to Too Much--where the women are strong-willed and the men are handsome yet shiftless. Ever since Mary Dell Templeton and her twin sister Lydia Dale were children, their Aunt Velvet has warned them away from local boys. But it's well known that the females in Mary Dell's family have two traits in common--superior sewing skills and a fatal weakness for men. While Lydia Dale grows up petite and pretty, Mary Dell just keeps growing. Tall, smart, and sassy, she is determined to one day turn her love of sewing into a business. Meanwhile, she'll settle for raising babies with her new husband, Donny. But that dream proves elusive too, until finally, Mary Dell gets the son she always wanted--a child as different as he is wonderful. And as Mary Dell is forced to reconsider what truly matters in her family and her marriage, she begins to piece together a life that, like the colorful quilts she creates, will prove vibrant, rich, and absolutely unforgettable.
650 0. ‡aSisters ‡vFiction. ‡0(LARL_NWRL_CONSORTIUM)167281
650 0. ‡aMarriage ‡vFiction. ‡0(LARL_NWRL_CONSORTIUM)166003
650 0. ‡aDown syndrome ‡vFiction.
650 0. ‡aQuilting ‡vFiction. ‡0(LARL_NWRL_CONSORTIUM)166989
651 0. ‡aTexas ‡vFiction. ‡0(LARL_NWRL_CONSORTIUM)167647
655 0. ‡aDomestic fiction.
655 0. ‡aLove stories.
901 . ‡a152032 ‡bOCLC ‡c152032 ‡tbiblio

Additional Resources